| 000 | 02875cam a2200397 i 4500 | ||
|---|---|---|---|
| 999 |
_c9324 _d9324 |
||
| 001 | 368046327 | ||
| 003 | OCoLC | ||
| 005 | 20241126110709.0 | ||
| 008 | 100902s2010 miuab bd 000 0 eng | ||
| 010 | _a2010037935 | ||
| 020 | _a9780802825490 | ||
| 020 | _a0802825494 | ||
| 020 |
_z9781467466097 _q(ebook) |
||
| 020 |
_z1467466093 _q(ebook) |
||
| 024 | 3 | _a9780802825490 | |
| 035 |
_a(OCoLC)368046327 _z(OCoLC)871637245 _z(OCoLC)1006285516 _z(OCoLC)1029088671 _z(OCoLC)1037422858 _z(OCoLC)1055937304 _z(OCoLC)1056832533 _z(OCoLC)1088323810 _z(OCoLC)1089007631 _z(OCoLC)1090020397 _z(OCoLC)1090475957 _z(OCoLC)1096527064 _z(OCoLC)1099349888 _z(OCoLC)1100012958 _z(OCoLC)1100997239 _z(OCoLC)1124502297 _z(OCoLC)1156790892 _z(OCoLC)1262020710 |
||
| 040 |
_aDLC _beng _cDLC _dYDX _dBTCTA _dYDXCP _dEMT _dLNT _dCDX _dNNG _dUKMGB _dDEBSZ _dBDX _dITC _dMNJ _dCHVBK _dOCLCF _dS3O _dOCL _dNZABT _dOCLCO _dSHM _dOCLCA _dOCLCQ _dIXA _dGILDS _dEUM _dEXG _dOCLCO _dKAT _dIL4J6 _dOCLCO |
||
| 050 | 0 | 0 |
_aBM176 _b.E34 2010 |
| 072 | 7 |
_aREL _2eflch |
|
| 082 | 0 | 0 |
_a296.090103 _222 _bEER |
| 245 | 0 | 4 |
_aThe Eerdmans dictionary of early Judaism / _cedited by John J. Collins and Daniel C. Harlow. |
| 246 | 3 | 0 | _aDictionary of early Judaism |
| 260 |
_aGrand Rapids, Mich. : _bWilliam B. Eerdmans, _c2010. |
||
| 300 |
_axxxvii, 1360 pages : _billustrations, maps ; _c26 cm |
||
| 336 |
_atext _btxt _2rdacontent |
||
| 337 |
_aunmediated _bn _2rdamedia |
||
| 338 |
_avolume _bnc _2rdacarrier |
||
| 504 | _aIncludes bibliographical references. | ||
| 505 | 0 | _aEssays. Early Judaism in modern scholarship / John J. Collins -- Jewish history from Alexander to Hadrian / Chris Seeman and Adam Kolman Marshak -- Judaism in the land of Israel / James C. VanderKam -- Judaism in the diaspora / Erich S. Gruen -- The Jewish scriptures : texts, versions, canons / Eugene Ulrich -- Early Jewish biblical interpretation / James L. Kugel -- Apocrypha and pseudepigrapha / Loren T. Stuckenbruck -- Dead Sea scrolls / Eibert Tigchelaar -- Early Jewish literature written in Greek / Katell Berthelot -- Archaeology, papyri, and inscriptions / Jurgen K. Zangenberg -- Jews among Greeks and Romans / Miriam Pucci Ben Zeev -- Early Judaism and early Christianity / Daniel C. Harlow -- Early Judaism and rabbinic Judaism / Lawrence H. Schiffman -- Dictionary entries A-Z. | |
| 520 | 0 | _aCollins (Old Testament criticism and interpretation, Yale Divinity School) and Harlow (religion, Calvin College, Grand Rapids, MI) along with many contributors, investigate the Second Temple period in the development of Judaism from the fourth century BCE to the second century CE. | |
| 650 | 0 |
_aJudaism _xHistory _yPost-exilic period, 586 B.C.-210 A.D. _vDictionaries. _916248 |
|
| 650 | 0 |
_aJews _xHistory _y586 B.C.-70 A.D. _vDictionaries. _916249 |
|
| 700 | 1 |
_aCollins, John J. _q(John Joseph), _d1946- _914868 |
|
| 700 | 1 |
_aHarlow, Daniel C. _916250 |
|
| 942 |
_2ddc _cREF |
||